| 000 | 00795nam a2200229 a 4500 | ||
|---|---|---|---|
| 001 | 000012737 | ||
| 005 | 20240530073915.0 | ||
| 008 | 091116s2005 dr 000 f spa d | ||
| 020 | _a9945019007 | ||
| 040 |
_aDO-SdBNP _bspa _cBNPHU |
||
| 082 |
_aRD863.44 _bP349a |
||
| 100 | 1 |
_aPeña Jiménez, Luis, _d1964- _96898 |
|
| 245 | 1 | 0 |
_aAlmas inocentes : _bla novela / _cLuis Peña Jiménez ; prólogo Freddy Antonio Herrera. |
| 260 |
_aSanto Domingo : _bHnos. Valenzuela, _c2005. |
||
| 300 |
_a158 p. ; _c20 cm. |
||
| 500 | _aIncluye datos biográficos del autor en las solapas. | ||
| 590 | _aInventariado, 2020/MAA | ||
| 650 | 0 |
_aNovela dominicana _9223 |
|
| 650 | 0 |
_aLiteratura dominicana. _967 |
|
| 700 | 1 | 2 |
_aHerrera, Freddy Antonio, _epról. _929506 |
| 910 | _aValidado. Control de calidad MFF | ||
| 999 |
_c12388 _d12388 |
||